| 000 | 00511nam a22001817a 4500 | ||
|---|---|---|---|
| 999 |
_c157875 _d157875 |
||
| 005 | 20181006150338.0 | ||
| 010 | _aENG-124197 | ||
| 020 |
_a978938702418 _c499.00 |
||
| 035 | _aEN-107729 | ||
| 037 | _bDABD/PUB | ||
| 082 | _aN | ||
| 100 | _aAbubakar Adam Ibrahim | ||
| 245 |
_aSeason of crimson blossoms / _cby Abubakar Adam Ibrahim |
||
| 260 |
_aNew Delhi _bSpeaking Tiger _c2016 |
||
| 270 |
_a4381/4 Ansari Road, Daryaganj, _bNew Delhi _e10002 |
||
| 300 |
_a290p. _c21cm(pbk) |
||
| 942 |
_2ddc _cEN _mABU _hN |
||